| 000 | 00563nam a2200205 i 4500 | ||
|---|---|---|---|
| 001 | bgj | ||
| 245 | 1 | 0 |
_aEinführung in die Sprechwissenschaft / _cvon Heinz Fiukowski [et al.]. |
| 250 | _a3. neubearb. Aufl. | ||
| 260 |
_aLeipzig : _bVEB Bibliographisches Institut, _c1982. |
||
| 300 |
_a271 s. : _bwykr. ; _c22 cm. |
||
| 504 | _aBibliogr. s. 265-271. | ||
| 650 | _aJęzykoznawstwo | ||
| 700 | 1 | _aFIUKOWSKI, Heinz. | |
| 040 | _cBPK | ||
| 041 | 0 | _ager | |
| 044 | _aDEU | ||
| 080 | _a81'1 | ||
| 942 | _cKS | ||
| 008 | s gw f |000 0 ger | ||
| 999 |
_c49544 _d49544 |
||